000 00895nam a2200253Ia 4500
003 OSt
005 20220923222223.0
006 a|||||r|||| 00| 0
007 ta
008 220922b |||||||| |||| 00| 0 hin d
024 _a203,817
037 _cTextual
040 _aARTS
_cARTS
_bhin
041 _2hin
_ahin
082 _aO15591,3N44,KA, 152N1
100 _aमावजो, दमोदर; शेजवलकर, नारायण, अनु.
_9166383
245 0 _aकार्मेलीन
246 _aKārmelīna
260 _aनई दिल्ली
_b साहित्य अकादमी
_c1991
300 _a204पृ.
_ccm.
650 _aकोंकणी कहानी
942 _hO15591,3N44,KA, 152N1
_cTEXL
_2CC
999 _c354567
_d354567